PC Software for Windows 98 Made Simple (Record no. 4554)

MARC details
000 -LEADER
fixed length control field 00337nam a2200145Ia 4500
008 - FIXED-LENGTH DATA ELEMENTS--GENERAL INFORMATION
fixed length control field 191201s2013 xx 000 0 und d
082 ## - DEWEY DECIMAL CLASSIFICATION NUMBER
Classification number 005.43
Item number TAP
100 ## - MAIN ENTRY--PERSONAL NAME
Personal name TAXALI,R .K
245 #0 - TITLE STATEMENT
Title PC Software for Windows 98 Made Simple
250 ## - EDITION STATEMENT
Edition statement Rep
260 ## - PUBLICATION, DISTRIBUTION, ETC. (IMPRINT)
Place of publication, distribution, etc N. Delhi
Name of publisher, distributor, etc TMH
Date of publication, distribution, etc 2013
300 ## - PHYSICAL DESCRIPTION
Extent 735
650 ## - SUBJECT ADDED ENTRY--TOPICAL TERM
Topical term or geographic name as entry element BBA
942 ## - ADDED ENTRY ELEMENTS (KOHA)
Source of classification or shelving scheme Dewey Decimal Classification
Koha item type Text Books
Holdings
Withdrawn status Lost status Source of classification or shelving scheme Damaged status Not for loan Collection code Home library Current library Date acquired Source of acquisition Cost, normal purchase price Bill Number Total Checkouts Full call number Acc. no. / Barcode Date last seen Date last borrowed Bill Date Koha item type Public note
    Dewey Decimal Classification     BBA PIET C-LIBRARY PIET C-LIBRARY 15/07/2010 The book company 375.00 IN-1486 2 005.43 TAP 15622 02/02/2021 12/01/2021 07/06/2010 Text Books  
    Dewey Decimal Classification     BBA PIET C-LIBRARY PIET C-LIBRARY 15/07/2010 The book company 375.00 IN-1486   005.43 TAP 15623 04/12/2019   07/06/2010 Text Books  
    Dewey Decimal Classification     BBA PIET C-LIBRARY PIET C-LIBRARY 15/07/2010 The book company 375.00 IN-1486 4 005.43 TAP 15624 25/11/2024 16/07/2024 07/06/2010 Text Books .
    Dewey Decimal Classification     BBA PIET C-LIBRARY PIET C-LIBRARY 15/07/2010 The book company 375.00 IN-1486   005.43 TAP 15625 04/12/2019   07/06/2010 Text Books  
    Dewey Decimal Classification     BBA PIET C-LIBRARY PIET C-LIBRARY 15/07/2010 The book company 375.00 IN-1486 2 005.43 TAP 15626 18/03/2021 05/03/2021 07/06/2010 Text Books  

Design & Developed by: PIET Central Library
R70 Miles Stone Pattikalyana Samalkha Panipat 132102
mail ID :- [email protected], Phone No:- 0180-2569700 Ex.216